[Event "Landesliga HH 1819"]
[Site "Großhansdorf"]
[Date "2018.10.21"]
[Round "1.1"]
[White "Weihrauch, Jakob"]
[Black "Spindel"]
[Result "1-0"]
[WhiteElo "2058"]
[BlackElo "2117"]
[PlyCount "83"]
[EventDate "2018.10.21"]
[WhiteTeam "HSK IV"]
[BlackTeam "GHD"]

1. e4 e6 2. d4 d5 3. Nc3 Bb4 4. e5 b6 5. a3 Bf8 6. f4 Ne7 7. Be3 Ba6 8. Bd3
Bxd3 9. Qxd3 Nf5 10. Bf2 Be7 11. Nf3 Nd7 12. Nxd5 Nxe5 13. Nxc7+ Qxc7 14. fxe5
Qc6 15. c4 Rc8 16. b3 O-O 17. d5 Qb7 18. d6 Bd8 19. O-O Qd7 20. Rad1 f6 21. Qe4
Nh6 22. b4 Nf7 23. exf6 Bxf6 24. c5 bxc5 25. bxc5 Nd8 26. Rb1 Nc6 27. Rfe1 Rfe8
28. Rb5 Rb8 29. a4 a6 30. Rxb8 Nxb8 31. Rb1 e5 32. Qd5+ Kh8 33. Qa8 Nc6 34.
Qxa6 e4 35. Rb7 Qe6 36. Qxc6 exf3 37. Qxf3 Qc4 38. Rb1 Qxa4 39. c6 Qc2 40. Rd1
Be5 41. d7 Rd8 42. Re1 1-0

[Event "Landesliga HH 1819"]
[Site "Großhansdorf"]
[Date "2018.10.21"]
[Round "1.2"]
[White "Paul, Anatolij"]
[Black "Frackowiak, Oliver"]
[Result "1/2-1/2"]
[WhiteElo "2086"]
[BlackElo "2167"]
[PlyCount "180"]
[EventDate "2018.10.21"]
[WhiteTeam "GHD"]
[BlackTeam "HSK IV"]

1. d4 d5 2. Nf3 e6 3. e3 Nf6 4. Bd3 Bd6 5. O-O O-O 6. b3 b6 7. Nbd2 Ba6 8. c4
c5 9. Bb2 Nc6 10. Rc1 Rc8 11. Re1 cxd4 12. exd4 Na5 13. Ne5 g6 14. Ndf3 Bb7 15.
Qd2 Re8 16. Ng5 Bxe5 {(=)} 17. Rxe5 Nd7 18. Ree1 Qf6 19. c5 Nc6 20. Bb5 a6 21.
Bxc6 Rxc6 22. cxb6 Rec8 23. Nf3 Qd8 24. h4 Qxb6 25. Qh6 Qd8 26. Ba3 Qf6 27.
Rxc6 Bxc6 28. Rc1 Bb7 29. Rxc8+ Bxc8 30. Qc1 Qd8 31. Qc6 Nb8 32. Qc3 f6 33. Qc5
Bd7 34. Qd6 Nc6 35. Bc1 Kf7 36. Bd2 Be8 37. Qc5 Qe7 38. Qc2 Qa7 39. Qc3 Qe7 40.
Qc1 Qa7 41. Be3 Qb6 42. Qa3 Qa5 43. Qd6 Qd8 44. Qf4 Kg7 45. Bc1 Qe7 46. Bb2 a5
47. Qd2 Qb4 48. Qc1 Qb6 49. Qe3 Bd7 50. g4 Qb8 51. g5 f5 52. Ba3 a4 53. Bc5
axb3 54. axb3 Na5 55. Qe5+ Qxe5 56. Nxe5 Bb5 57. b4 Nb3 58. Kh2 Nd2 59. f3 Nc4
60. Nd3 Nd2 61. Ne1 Nf1+ 62. Kg2 Kf7 63. Kf2 Nd2 64. Ng2 Nc4 65. Nf4 Bc6 66.
Ne2 Na3 67. Ke3 Nc4+ 68. Kf4 Ke8 69. Nc3 Kd7 70. Ba7 Kc7 71. b5 Bd7 72. Bc5 Kb7
73. Kg3 Be8 74. h5 Kc7 75. h6 Kb7 76. Kf2 Kc7 77. Ke1 Kb7 78. Ne2 e5 79. Kf2
Bxb5 80. dxe5 Nxe5 81. Nf4 Nd3+ 82. Nxd3 Bxd3 83. Ke3 Kc6 84. Kd4 Be2 85. f4
Bf3 86. Ba3 Kd7 87. Ke5 Ke8 88. Kf6 d4 89. Kg7 d3 90. Bb4 Bh5 1/2-1/2

[Event "Landesliga HH 1819"]
[Site "Großhansdorf"]
[Date "2018.10.21"]
[Round "1.3"]
[White "Poeck, Ole"]
[Black "Baldauf, Bastian"]
[Result "1-0"]
[WhiteElo "2245"]
[BlackElo "2125"]
[PlyCount "87"]
[EventDate "2018.10.21"]
[WhiteTeam "HSK IV"]
[BlackTeam "GHD"]

1. Nf3 Nf6 2. g3 d5 3. Bg2 e6 4. O-O Be7 5. b3 O-O 6. Bb2 Nbd7 7. c4 c6 8. d3
b5 9. Nbd2 Qb6 10. Qc2 Ba6 11. Rac1 Rac8 12. e4 Rfd8 13. h3 dxc4 14. dxc4 Qa5
15. a3 b4 16. axb4 Bxb4 17. Ra1 Qb6 18. e5 Ne8 19. Ne4 f5 20. exf6 Ndxf6 21.
Nfg5 Rd7 22. Nxe6 c5 23. Nf4 Bb7 24. Nxf6+ Nxf6 25. Bxf6 Bxg2 26. Kxg2 Qxf6 27.
Nd5 Qc6 28. Qe4 a5 29. Rfd1 Rf7 30. f3 Qe8 31. Ra2 Qxe4 32. fxe4 Re8 33. Re2
Ra7 34. e5 a4 35. bxa4 Rxa4 36. Nc7 Rc8 37. e6 Ba5 38. e7 Bxc7 39. e8=Q+ Rxe8
40. Rxe8+ Kf7 41. Re2 Kf6 42. Rf1+ Kg6 43. Re6+ Kg5 44. Re7 1-0

[Event "Landesliga HH 1819"]
[Site "Großhansdorf"]
[Date "2018.10.21"]
[Round "1.4"]
[White "Varain, Ernst-Helmuth"]
[Black "Meier, David Geffrey"]
[Result "1/2-1/2"]
[WhiteElo "2066"]
[BlackElo "2137"]
[PlyCount "43"]
[EventDate "2018.10.21"]
[WhiteTeam "GHD"]
[BlackTeam "HSK IV"]

1. e4 d5 2. exd5 Nf6 3. Nf3 Nxd5 4. d4 Bf5 5. Be2 e6 6. c3 Be7 7. Na3 Bxa3 8.
Qa4+ Nc6 9. Qxa3 Qd6 10. Qxd6 cxd6 11. Bd2 h6 12. O-O O-O 13. a3 Nf6 14. Bf4
Rfd8 15. h3 Rac8 16. Rfe1 Na5 17. Nd2 e5 18. Be3 Nd5 19. c4 Nxe3 20. fxe3 exd4
21. exd4 Nc6 22. Nf3 {(=)} 1/2-1/2

[Event "Landesliga HH 1819"]
[Site "Großhansdorf"]
[Date "2018.10.21"]
[Round "1.5"]
[White "Juergens, Bernhard"]
[Black "Felten, Joachim"]
[Result "1/2-1/2"]
[WhiteElo "2095"]
[BlackElo "2097"]
[PlyCount "87"]
[EventDate "2018.10.21"]
[WhiteTeam "HSK IV"]
[BlackTeam "GHD"]

1. f4 d5 2. Nf3 g6 3. g3 c6 4. Bg2 Qb6 5. e3 h5 6. Nc3 Nh6 7. Qe2 Bg7 8. d3 Bg4
9. Nd1 Nf5 10. c3 Qa6 11. Nf2 Bxf3 12. Bxf3 Nd7 13. e4 dxe4 14. dxe4 Qxe2+ 15.
Bxe2 Nd6 16. Be3 O-O-O {(=)} 17. O-O-O Kc7 18. e5 Nf5 19. Bd2 f6 20. exf6 exf6
21. Rhe1 Nd6 22. Bd3 f5 23. Re6 Nf8 24. Re7+ Rd7 25. Rde1 Bf6 {(=)} 26. Rxd7+
Nxd7 27. Re6 Re8 28. Rxe8 Nxe8 29. Be3 b6 30. Kd2 Kd6 31. Ke2 Ng7 32. Kf3 Nf8
33. h3 c5 34. Bc4 Nfe6 35. a4 Nc7 36. Bf7 Ke7 37. Bg8 Nge6 38. g4 hxg4+ 39.
hxg4 Kf8 40. Bh7 fxg4+ 41. Nxg4 Kg7 42. Nxf6 Kxf6 43. Bg8 Nd5 44. Bc1 1/2-1/2

[Event "Landesliga HH 1819"]
[Site "Großhansdorf"]
[Date "2018.10.21"]
[Round "1.6"]
[White "Limbach, Torsten"]
[Black "Kirsch, Sergius"]
[Result "0-1"]
[WhiteElo "1968"]
[BlackElo "2005"]
[PlyCount "82"]
[EventDate "2018.10.21"]

1. c4 Nf6 2. g3 g6 3. Bg2 Bg7 4. Nc3 O-O 5. d3 Nc6 6. Bg5 h6 7. Bd2 d6 8. e4 e5
9. Nge2 Nh5 10. O-O f5 11. exf5 Bxf5 12. Be3 Qd7 13. Qd2 Kh7 14. Nd5 Nf6 15.
Nxf6+ Rxf6 16. Nc3 Raf8 17. Nd5 R6f7 18. Rae1 Bh3 19. f3 Nd8 20. d4 Bxg2 21.
Kxg2 Nc6 22. Bg1 Nxd4 23. Bxd4 exd4 24. Nf4 Be5 25. Nd3 Qc6 26. Nxe5 dxe5 27.
Qd3 Re8 28. Re4 Kg7 29. Rfe1 Rfe7 30. b3 g5 31. h4 Qf6 32. hxg5 hxg5 33. Rh1
Rh8 34. Ree1 Rxh1 35. Rxh1 Qg6 36. Qxg6+ Kxg6 37. Re1 g4 38. f4 e4 39. Kf2 Kf5
40. Rh1 e3+ 41. Ke2 Ke4 0-1

[Event "Landesliga HH 1819"]
[Site "Großhansdorf"]
[Date "2018.10.21"]
[Round "1.7"]
[White "Posske, Thore"]
[Black "Kemeny, Matthias"]
[Result "1-0"]
[WhiteElo "2003"]
[BlackElo "1995"]
[PlyCount "51"]
[EventDate "2018.10.21"]
[WhiteTeam "HSK IV"]
[BlackTeam "GHD"]

1. d4 Nf6 2. Nf3 g6 3. c4 Bg7 4. Nc3 d5 5. cxd5 Nxd5 6. Qb3 Nb6 7. e4 O-O 8.
Be3 Bg4 9. O-O-O Nc6 10. d5 Ne5 11. Be2 Bd7 12. Nxe5 Bxe5 13. h4 Qe8 14. f4 Bg7
15. Rd2 Ba4 16. Qa3 Bd7 17. h5 c6 18. hxg6 hxg6 19. Bc5 Nc8 20. dxc6 Bxc6 21.
Nd5 Bxd5 22. Qh3 f6 23. f5 Qc6 24. Qh7+ Kf7 25. Qxg6+ Kg8 26. Qh7+ 1-0

[Event "Landesliga HH 1819"]
[Site "Großhansdorf"]
[Date "2018.10.21"]
[Round "1.8"]
[White "Willers, Nico"]
[Black "Baberz, Alexander"]
[Result "0-1"]
[WhiteElo "1621"]
[BlackElo "1992"]
[PlyCount "74"]
[EventDate "2018.10.21"]
[WhiteTeam "GHD"]
[BlackTeam "HSK IV"]

1. e4 c5 2. Nc3 d6 3. g3 Nf6 4. Bg2 g6 5. Nge2 Nc6 6. O-O Bg7 7. d3 O-O 8. f4
Rb8 9. h3 Bd7 10. g4 b5 11. Ng3 Ne8 12. f5 Nd4 13. Bg5 Be5 14. Nge2 f6 15. Bh6
Ng7 16. fxg6 hxg6 17. Nf4 Kh7 18. Qd2 g5 19. Bxg7 Kxg7 20. Nh5+ Kg6 21. Rab1 e6
22. Ne2 Nxe2+ 23. Qxe2 b4 24. Qd2 Qa5 25. a3 Qb6 26. Kf2 bxa3 27. bxa3 Qxb1 28.
Rxb1 Rxb1 29. Bf3 Rb2 30. Kg2 Ra2 31. Bd1 Rxa3 32. c3 Bxc3 33. Qc1 Ra2+ 34. Kf3
Bd4 35. Qb1 Rb2 36. Qc1 f5 37. Ng3 Rf2# 0-1

[Event "LL1819 SC Diogenes 2 - SK Weisse Dame"]
[Site "Hamburg"]
[Date "2018.12.16"]
[Round "4.2"]
[White "Kilic, Oguz"]
[Black "Popist, Florian"]
[Result "0-1"]
[WhiteElo "2047"]
[BlackElo "1912"]
[PlyCount "70"]
[EventDate "2018.12.16"]

1. e4 c5 2. Nc3 a6 3. g3 b5 4. Bg2 Bb7 5. d3 e6 6. Nh3 b4 7. Ne2 d5 8. O-O Nf6
9. e5 Nfd7 10. f4 Nc6 11. g4 Qe7 12. a3 O-O-O 13. axb4 Nxb4 14. c3 Nc6 15. Be3
f6 16. d4 c4 17. Qc2 Nb6 18. Rfb1 Qc7 19. Kh1 Be7 20. Nhg1 a5 21. b3 cxb3 22.
Qxb3 Nc4 23. Bc1 Ba6 24. Ng3 fxe5 25. fxe5 Kd7 26. Nf1 Rb8 27. Qc2 Rxb1 28.
Rxb1 g6 29. Ne3 Rb8 30. Ra1 Qb6 31. Nxc4 Bxc4 32. Qf2 Qb3 33. Qg3 a4 34. h4
Nxd4 35. h5 Nc2 0-1

[Event "LL1819 SC Diogenes 2 - SK Weisse Dame"]
[Site "Hamburg"]
[Date "2018.12.16"]
[Round "4.3"]
[White "Lansky, Georg"]
[Black "Hein, Ralf"]
[Result "1/2-1/2"]
[WhiteElo "1960"]
[BlackElo "2049"]
[PlyCount "160"]
[EventDate "2018.12.16"]

1. e4 e5 2. Nf3 Nc6 3. Bc4 Be7 4. d4 d6 5. d5 Nb8 6. Bb5+ Bd7 7. Bxd7+ Qxd7 8.
Qd3 Nf6 9. O-O O-O 10. c4 Na6 11. Nc3 Qg4 12. h3 Qd7 13. a3 Nh5 14. Rb1 g6 15.
Qd1 f5 16. b4 f4 17. Bd2 Ng7 18. Ne1 Rf6 19. f3 g5 20. Nd3 h5 21. b5 Nc5 22.
Nxc5 dxc5 23. Na4 Rg6 24. Bc3 Bd6 25. Kf2 Ne8 26. Nb2 Nf6 27. Nd3 Re8 28. Ke2
g4 29. hxg4 hxg4 30. Rh1 Qg7 31. Rh2 gxf3+ 32. gxf3 Rg2+ 33. Rxg2 Qxg2+ 34. Nf2
Nh5 35. Be1 Ng3+ 36. Kd3 Qf1+ 37. Kc3 Ne2+ 38. Kb2 Nd4 39. Rc1 a6 40. a4 Kf7
41. Qd3 Qxd3 42. Nxd3 Nxf3 43. bxa6 bxa6 44. Bf2 Nd2 45. Re1 Nxc4+ 46. Kc3 Nb6
47. a5 Nd7 48. Kc4 Rb8 49. Nxc5 Nxc5 50. Bxc5 Rb5 51. Bxd6 cxd6 52. Ra1 Kf6 53.
Ra2 Rb8 54. Rh2 Kg5 55. Rg2+ Kh4 56. Rg6 f3 57. Rxd6 Rf8 58. Rxa6 f2 59. Rh6+
Kg3 60. Rh1 Kf3 61. d6 Kxe4 62. Rf1 Rc8+ 63. Kb5 Kf3 64. a6 e4 65. d7 Rd8 66.
Rxf2+ Kxf2 67. Kc6 e3 68. Kc7 e2 69. Kxd8 e1=Q 70. Kc7 Qa5+ 71. Kb7 Qb5+ 72.
Kc7 Qc5+ 73. Kb7 Qd5+ 74. Kc7 Qc4+ 75. Kb7 Qb5+ 76. Kc7 Qa5+ 77. Kb7 Qd8 78. a7
Qxd7+ 79. Kb8 Qb5+ 80. Ka8 {(=)} Ke3 1/2-1/2

[Event "LL1819 SC Diogenes 2 - SK Weisse Dame"]
[Site "Hamburg"]
[Date "2018.12.16"]
[Round "4.4"]
[White "Bartels, Holger"]
[Black "Schiele, Lars"]
[Result "1/2-1/2"]
[WhiteElo "2047"]
[BlackElo "2106"]
[PlyCount "67"]
[EventDate "2018.12.16"]

1. e4 e5 2. Nf3 Nc6 3. Bc4 Bc5 4. c3 Nf6 5. d4 exd4 6. e5 d5 7. Be2 Ne4 8. cxd4
Bb6 9. O-O O-O 10. Nc3 f6 11. exf6 Nxc3 12. f7+ Rxf7 13. bxc3 Qf6 14. Be3 Ne7
15. Ne5 Rf8 16. Qd2 Ng6 17. Bg5 Qd6 18. Nxg6 Qxg6 19. Bd3 Bf5 20. Bxf5 Qxf5 21.
Rae1 Rfe8 22. Rxe8+ Rxe8 23. Re1 Re4 24. Rxe4 Qxe4 25. f3 Qe6 26. g4 c6 27. Bf4
Kf7 28. Kg2 Bd8 29. Be5 Bf6 30. Bb8 a6 31. Bc7 Bh4 32. Be5 Bf6 33. Bc7 Bh4 34.
Be5 {(=)} 1/2-1/2

[Event "LL1819 SC Diogenes 2 - SK Weisse Dame"]
[Site "Hamburg"]
[Date "2018.12.16"]
[Round "4.5"]
[White "Ludwig, Jan"]
[Black "Hohlfeld, Peter"]
[Result "1/2-1/2"]
[WhiteElo "2070"]
[BlackElo "2061"]
[PlyCount "58"]
[EventDate "2018.12.16"]

1. e4 c5 2. Nf3 d6 3. d4 cxd4 4. Nxd4 Nf6 5. Nc3 g6 6. Be3 Bg7 7. f3 O-O 8. Qd2
Nc6 9. O-O-O d5 10. exd5 Nxd5 11. Nxc6 bxc6 12. Bd4 Nxc3 13. Bxc3 Qxd2+ 14.
Kxd2 Rd8+ 15. Bd3 Bf5 16. Rhe1 Bxd3 17. cxd3 e6 18. Re4 Rd5 19. Rc4 Rad8 20.
Ke2 Bxc3 21. Rxc3 Ra5 22. a3 Rb5 23. Rc2 Rdb8 24. b4 a5 25. Rxc6 axb4 26. axb4
Rxb4 27. Rc2 Rb2 28. Ke3 Kg7 29. h3 h5 {(=)} 1/2-1/2

[Event "LL1819 SC Diogenes 2 - SK Weisse Dame"]
[Site "Hamburg"]
[Date "2018.12.16"]
[Round "4.8"]
[White "Schwank, Johann"]
[Black "Lam, Daniel"]
[Result "0-1"]
[WhiteElo "1710"]
[BlackElo "1900"]
[PlyCount "76"]
[EventDate "2018.12.16"]

1. e4 c5 2. Nc3 a6 3. d3 Nc6 4. g3 b5 5. Bg2 Bb7 6. f4 e6 7. Nf3 b4 8. Ne2 d5
9. O-O Be7 10. Qe1 dxe4 11. dxe4 Nf6 12. e5 Nd5 13. g4 a5 14. Ng3 Ba6 15. Rf2
c4 16. Be3 Nxe3 17. Qxe3 Qc7 18. Nd4 Nxd4 19. Ne4 Rd8 20. Rd2 Nb5 21. Rxd8+
Qxd8 22. Nd6+ Bxd6 23. Bc6+ Kf8 24. Rd1 Qc8 25. Rxd6 Nxd6 26. Qc5 g6 27. exd6
Kg7 28. Qd4+ f6 29. Qb6 Rf8 30. d7 Qb8 31. Qxa6 Qxf4 32. Qc8 Qc1+ 33. Kg2 Qxc2+
34. Kg3 Qd3+ 35. Bf3 c3 36. Qc7 Kg8 37. bxc3 bxc3 38. Qc6 Qe3 {Weiß verliert
wegen Zeitüberschreitung} 0-1

[Event "LLHH 1819 SK Johanneum Eppendorf II - S"]
[Site "?"]
[Date "2019.01.20"]
[Round "5.1"]
[White "Gara, Anita"]
[Black "Wenzel, Birger"]
[Result "1-0"]
[WhiteElo "2380"]
[BlackElo "2080"]
[PlyCount "41"]
[EventDate "2019.??.??"]

1. e4 e6 2. d4 d5 3. e5 c5 4. c3 Nc6 5. Nf3 Qb6 6. a3 c4 7. g3 Bd7 8. Nbd2 Na5
9. Bh3 Ne7 10. O-O Nc8 11. Rb1 Nb3 12. Nxb3 Ba4 13. Ng5 Bxb3 14. Qh5 g6 15. Qf3
Qc7 16. Qf6 Rg8 17. Bxe6 fxe6 18. Qxe6+ Ne7 19. Nxh7 Bc2 20. Nf6+ Kd8 21. Qf7
1-0

[Event "LLHH 1819 SK Johanneum Eppendorf II - S"]
[Site "?"]
[Date "2019.01.20"]
[Round "5.2"]
[White "Johannsen, Dennis"]
[Black "Spindel, Ulrich"]
[Result "1/2-1/2"]
[WhiteElo "2116"]
[BlackElo "2096"]
[PlyCount "77"]
[EventDate "2019.??.??"]

1. c4 e6 2. Nf3 d5 3. Qc2 Nf6 4. d4 c6 5. a3 a5 6. Bg5 Be7 7. e3 h6 8. Bh4 O-O
9. Nc3 Nbd7 10. cxd5 exd5 11. Bd3 Re8 12. Nd2 Nf8 13. O-O Bd7 14. Rfe1 Ne6 15.
b3 Qc8 16. Rec1 Bd8 17. Qb2 Qb8 18. Nf3 Nf8 19. Bg3 Bc7 20. Na4 Bxg3 21. hxg3
Qd8 22. b4 Ne4 23. Ne5 Bf5 24. b5 cxb5 25. Bxb5 Re7 26. Nc3 Ng6 27. Nxg6 Bxg6
28. Qb3 Nf6 29. Na4 Rc7 30. Be2 Rac8 31. Rxc7 Qxc7 32. Bf3 Bc2 33. Qb5 Bxa4 34.
Qxa4 Qc3 35. Rb1 Qd2 36. Qd1 Qa2 37. Ra1 Qb2 38. Qb1 Qc3 39. Ra2 1/2-1/2

[Event "LLHH 1819 SK Johanneum Eppendorf II - S"]
[Site "?"]
[Date "2019.01.20"]
[Round "5.3"]
[White "Kuhn, Gerd"]
[Black "Wirthgen, Peter"]
[Result "0-1"]
[WhiteElo "2062"]
[BlackElo "2061"]
[PlyCount "74"]
[EventDate "2019.??.??"]

1. d4 d5 2. Nf3 Nf6 3. c4 c6 4. Nc3 a6 5. c5 Nbd7 6. Bf4 Nh5 7. Bg3 g6 8. e3
Bg7 9. Be2 O-O 10. Nd2 Nxg3 11. hxg3 e5 12. Nb3 exd4 13. exd4 Re8 14. Qd2 Nf6
15. Qg5 Bf5 16. Kf1 Bc2 17. Qh4 h5 18. f3 Nd7 19. Qf4 Qb8 20. Qh4 Bf6 21. Qh3
Nf8 22. f4 Bf5 23. Qh2 Qc8 24. Rd1 Qd7 25. Rd2 Re7 26. Bf3 Rae8 27. Kf2 Re3 28.
Rhd1 Qe6 29. Qg1 h4 30. gxh4 Bxh4+ 31. g3 Bf6 32. Kg2 Bh3+ 33. Kh2 Rxf3 34. Re2
Qg4 35. Rxe8 Qh5 36. Qe1 Bd7+ 37. Kg1 Bxe8 0-1

[Event "LLHH 1819 SK Johanneum Eppendorf II - S"]
[Site "?"]
[Date "2019.01.20"]
[Round "5.4"]
[White "Enxing, Simon"]
[Black "Paul, Anatolij"]
[Result "1/2-1/2"]
[WhiteElo "2168"]
[BlackElo "2068"]
[PlyCount "83"]
[EventDate "2019.??.??"]

1. d4 d5 2. g3 g6 3. Bg2 Bg7 4. Nf3 Nf6 5. O-O O-O 6. b3 Bf5 7. Bb2 Qc8 8. Re1
Na6 9. c3 c5 10. Nbd2 cxd4 11. Nxd4 Bh3 12. b4 Bxg2 13. Kxg2 Re8 14. e4 e5 15.
N4f3 dxe4 16. Nxe4 Nxe4 17. Rxe4 Qc6 18. Qe2 b5 19. a4 f5 20. Re3 Nc7 21. axb5
Nxb5 22. c4 e4 23. Bxg7 exf3+ 24. Qxf3 Qxc4 25. Rae1 Nd6 26. Bh6 Ne4 27. Rd3
Rad8 28. Red1 Rxd3 29. Rxd3 Kf7 30. g4 Qe6 31. Ra3 Re7 32. Ra5 Nd6 33. Ra6 Rd7
34. Qc3 Qe4+ 35. Qf3 Qxf3+ 36. Kxf3 fxg4+ 37. Kxg4 Nf5 38. Be3 Nxe3+ 39. fxe3
Rb7 40. e4 Rxb4 41. Rxa7+ Kf6 42. Rxh7 1/2-1/2

[Event "LLHH 1819 SK Johanneum Eppendorf II - S"]
[Site "?"]
[Date "2019.01.20"]
[Round "5.5"]
[White "Baldauf, Bastian"]
[Black "Zobel, Andrej"]
[Result "0-1"]
[WhiteElo "2098"]
[BlackElo "2051"]
[PlyCount "66"]
[EventDate "2019.??.??"]

1. e4 e5 2. Nf3 Nc6 3. Bb5 a6 4. Ba4 Nf6 5. O-O Be7 6. Re1 b5 7. Bb3 d6 8. h3
Na5 9. c3 Nxb3 10. axb3 Bb7 11. d3 O-O 12. Nbd2 Re8 13. Nf1 Bf8 14. Bg5 h6 15.
Bd2 g6 16. g4 Nd7 17. Ng3 Nc5 18. Qc2 d5 19. b4 dxe4 20. dxe4 Qf6 21. bxc5 Qxf3
22. Re3 Qf6 23. b4 a5 24. Rd3 Qe6 25. Rxa5 Rxa5 26. bxa5 Qc4 27. Rd7 Bxc5 28.
Bxh6 Bd6 29. Bg5 b4 30. Qd1 bxc3 31. Qc1 c2 32. Nf5 gxf5 33. gxf5 Qxe4 0-1

[Event "LLHH 1819 SK Johanneum Eppendorf II - S"]
[Site "?"]
[Date "2019.01.20"]
[Round "5.6"]
[White "Dumjahn, Carsten"]
[Black "Varain, Ernst-Helmuth"]
[Result "1/2-1/2"]
[WhiteElo "2076"]
[BlackElo "2069"]
[PlyCount "88"]
[EventDate "2019.??.??"]

1. Nf3 Nf6 2. d4 g6 3. c4 Bg7 4. Nc3 d5 5. Qa4+ Bd7 6. Qb3 dxc4 7. Qxc4 O-O 8.
Bf4 Na6 9. e4 c6 10. Be2 Be6 11. Qd3 Qb6 12. O-O Rfd8 13. Rfd1 Ne8 14. Be3 Qa5
15. Qc2 Bg4 16. a3 Bxf3 17. Bxf3 Qc7 18. g3 e5 19. dxe5 Bxe5 20. Bg2 Qe7 21.
Rxd8 Qxd8 22. Rd1 Qe7 23. f4 Bc7 24. Qf2 Nd6 25. Qe2 Qe6 26. Bf2 Bb6 27. Bxb6
axb6 28. e5 Ne8 29. Ne4 Nac7 30. Qd3 h6 31. Qd7 Rb8 32. Qxe6 Nxe6 33. Rd7 Nc5
34. Nxc5 bxc5 35. Be4 Ng7 36. Kf2 Ne6 37. Ke3 Kf8 38. f5 gxf5 39. Bxf5 Nd4 40.
Be4 Ke8 41. Rd6 Ne6 42. Bf5 Ke7 43. Bxe6 fxe6 44. Kd3 Rg8 1/2-1/2

[Event "LLHH 1819 SK Johanneum Eppendorf II - S"]
[Site "?"]
[Date "2019.01.20"]
[Round "5.7"]
[White "Felten, Joachim"]
[Black "Seidel, Mika"]
[Result "0-1"]
[WhiteElo "2087"]
[BlackElo "1950"]
[PlyCount "76"]
[EventDate "2019.??.??"]

1. e4 c5 2. Nf3 e6 3. d4 cxd4 4. Nxd4 a6 5. Bd3 Qc7 6. O-O Nf6 7. Qe2 d6 8. c4
Be7 9. Nc3 Nbd7 10. Be3 O-O 11. Rac1 b6 12. b3 Bb7 13. f3 Rfe8 14. g4 Ne5 15.
Bb1 Bf8 16. Qf2 g6 17. Nde2 Nfd7 18. h3 Bg7 19. Rfd1 Rac8 20. Nd4 Qb8 21. Na4
Ba8 22. Qf1 d5 23. f4 Nc6 24. cxd5 exd5 25. e5 Nxd4 26. Bxd4 Rxc1 27. Rxc1 f6
28. exf6 Bxf6 29. Qf2 b5 30. Bxf6 Nxf6 31. Nc5 Qd6 32. Rd1 d4 33. b4 Qd5 34.
Kh2 a5 35. Rxd4 Qh1+ 36. Kg3 Qxb1 37. bxa5 Qc1 38. Rb4 Qc3+ 0-1

[Event "LLHH 1819 SK Johanneum Eppendorf II - S"]
[Site "?"]
[Date "2019.01.20"]
[Round "5.8"]
[White "Borisova, Borislava"]
[Black "Jordt, Joachim"]
[Result "1/2-1/2"]
[WhiteElo "1901"]
[BlackElo "2076"]
[PlyCount "70"]
[EventDate "2019.??.??"]

1. Nf3 c5 2. c4 g6 3. g3 Bg7 4. Bg2 Nc6 5. O-O e5 6. Nc3 Nge7 7. Ne1 O-O 8. Nc2
d6 9. Ne3 Rb8 10. d3 a6 11. a4 Bd7 12. Bd2 Nd4 13. Rb1 b5 14. axb5 axb5 15.
cxb5 Nxb5 16. Nxb5 Bxb5 17. b4 Bc6 18. bxc5 Bxg2 19. Kxg2 dxc5 20. Qc2 Qd6 21.
Rfc1 Rxb1 22. Rxb1 Rc8 23. Rc1 h5 24. Qc4 Bf8 25. Bc3 Nc6 26. Qe4 Qe6 27. Qc4
Re8 28. Ra1 Nd4 29. Ra6 Qxc4 30. Nxc4 e4 31. Bxd4 cxd4 32. dxe4 Rxe4 33. Kf3
Re8 34. Nb2 Rb8 35. Nd3 Bg7 1/2-1/2

[Event "LLHH 1819 SV Großhansdorf - Barmbeker "]
[Site "?"]
[Date "2019.02.03"]
[Round "6.1"]
[White "Becker, Norbert"]
[Black "Gara, Anita"]
[Result "1/2-1/2"]
[WhiteElo "2116"]
[BlackElo "2380"]
[PlyCount "72"]
[EventDate "2019.??.??"]

1. c4 f5 2. g3 Nf6 3. Bg2 g6 4. Nc3 Bg7 5. d3 d6 6. e3 O-O 7. Nge2 e5 8. O-O
Nc6 9. Rb1 a5 10. a3 Be6 11. b4 axb4 12. axb4 Rb8 13. Nd5 Ne7 14. Nxf6+ Bxf6
15. Qc2 c6 16. b5 Qd7 17. Bd2 d5 18. bxc6 bxc6 19. cxd5 cxd5 20. Rfc1 g5 21. f4
gxf4 22. gxf4 e4 23. Bc3 Rxb1 24. Qxb1 Bxc3 25. Rxc3 Ng6 26. Rb3 Qa7 27. d4 Rc8
28. Rb7 Qa3 29. Kf2 Qd3 30. Qb6 Bf7 31. Qf6 Rf8 32. h4 Nxf4 33. Nxf4 Qd2+ 34.
Kf1 Qd1+ 35. Kf2 Qd2+ 36. Kf1 Qd1+ 1/2-1/2

[Event "LLHH 1819 SV Großhansdorf - Barmbeker "]
[Site "?"]
[Date "2019.02.03"]
[Round "6.2"]
[White "Spindel, Ulrich"]
[Black "Kaye, Ferdinand"]
[Result "1/2-1/2"]
[WhiteElo "2096"]
[BlackElo "2083"]
[PlyCount "143"]
[EventDate "2019.??.??"]

1. d4 g6 2. c4 Bg7 3. Nc3 d6 4. e4 e5 5. Be3 exd4 6. Bxd4 Nf6 7. Nf3 Nc6 8. Be3
O-O 9. Be2 Re8 10. Nd2 Ne5 11. h3 c6 12. O-O d5 13. f4 Nxc4 14. Nxc4 dxc4 15.
Qxd8 Rxd8 16. Bxc4 b5 17. Bb3 b4 18. Na4 Nxe4 19. Rac1 Ba6 20. Rfe1 Bb5 21. Nc5
Nd2 22. Bxd2 Rxd2 23. Re7 Bd4+ 24. Kh1 Bxc5 25. Rxc5 Rf8 26. Rxa7 Rxb2 27. Rb7
Re2 28. Kg1 Kg7 29. f5 Kf6 30. fxg6 hxg6 31. h4 Re7 32. Rb6 Kg7 33. Rg5 Rfe8
34. h5 Re5 35. Rg4 Re4 36. Rg3 R8e7 37. hxg6 fxg6 38. Rb8 Re8 39. Rb7+ R4e7 40.
Rb6 Re1+ 41. Kh2 Rh8+ 42. Rh3 Rxh3+ 43. Kxh3 Kf6 44. Rb8 Re4 45. Rc8 Rd4 46.
Kg3 Kg5 47. Kf2 Bc4 48. Rxc6 Bxb3 49. axb3 Rd2+ 50. Kf1 Rb2 51. Rc5+ Kh6 52.
Rb5 Rxb3 53. g4 Rb1+ 54. Kg2 b3 55. Kh2 b2 56. Kg2 Kg7 57. g5 Kf7 58. Rb6 Ke7
59. Kh2 Kd7 60. Kg2 Kc7 61. Rb3 Kc6 62. Rb8 Kd5 63. Kh2 Ke4 64. Kg2 Kf4 65. Rb5
Ke3 66. Rb3+ Kf4 67. Rb5 Re1 68. Rxb2 Kxg5 69. Rb5+ Kf4 70. Rb4+ Re4 71. Rxe4+
Kxe4 72. Kg3 1/2-1/2

[Event "LLHH 1819 SV Großhansdorf - Barmbeker "]
[Site "?"]
[Date "2019.02.03"]
[Round "6.4"]
[White "Paul, Anatolij"]
[Black "Bigalke, Andre"]
[Result "1/2-1/2"]
[WhiteElo "2068"]
[BlackElo "2035"]
[PlyCount "140"]
[EventDate "2019.??.??"]

1. d4 Nf6 2. Nf3 g6 3. Nbd2 d5 4. e3 Bg7 5. Bd3 O-O 6. O-O Nfd7 7. e4 dxe4 8.
Nxe4 Nf6 9. Bg5 Nbd7 10. Re1 Nxe4 11. Bxe4 Nf6 12. Bxf6 exf6 13. c3 c6 14. Qb3
Qc7 15. Rad1 f5 16. Bd3 Be6 17. Rxe6 fxe6 18. Ng5 Rf6 19. Bc4 Kh8 20. Nxe6 Qe7
21. Ng5 h6 22. Nf3 b5 23. Bf1 Rd6 24. Re1 Qd7 25. a4 a6 26. h4 Re8 27. Ra1 Bf6
28. Qc2 Qe7 29. axb5 axb5 30. h5 Qg7 31. Rd1 Rg8 32. Re1 gxh5 33. Qxf5 Qg4 34.
Qe4 Qxe4 35. Rxe4 Ra8 36. Ne1 Ra1 37. g3 Rb1 38. Nd3 Kg7 39. Kg2 h4 40. gxh4
Bxh4 41. Ne5 Bf6 42. Nd3 Bd8 43. Be2 Rg6+ 44. Kf3 Bg5 45. Re8 Rf6+ 46. Kg2 Bc1
47. Bh5 Bxb2 48. Re7+ Kg8 49. Ne5 Re1 50. Re8+ Rf8 51. Re6 Bxc3 52. Rg6+ Kh7
53. Ng4 Bxd4 54. Rxh6+ Kg8 55. Rg6+ Bg7 56. Rxc6 Rb8 57. Rc7 b4 58. Ne3 Rb5 59.
Bf7+ Kh7 60. Bc4 Rg5+ 61. Kf3 Kh6 62. Bd3 b3 63. Nf5+ Rxf5+ 64. Bxf5 Bd4 65.
Rb7 b2 66. Kg4 Rg1+ 67. Kf4 Bg7 68. Rb3 Bf6 69. Rb7 Rg7 70. Rxg7 Bxg7 1/2-1/2

[Event "LLHH 1819 SV Großhansdorf - Barmbeker "]
[Site "?"]
[Date "2019.02.03"]
[Round "6.5"]
[White "Schroeder, Raymond"]
[Black "Varain, Ernst-Helmuth"]
[Result "1/2-1/2"]
[WhiteElo "1977"]
[BlackElo "2069"]
[PlyCount "46"]
[EventDate "2019.??.??"]

1. d4 Nf6 2. c4 g6 3. Nc3 d5 4. Nf3 Bg7 5. g3 c6 6. Bg2 dxc4 7. O-O O-O 8. Ne5
Ng4 9. Nxg4 Bxg4 10. Be3 Nd7 11. h3 Be6 12. Qd2 Nf6 13. Rfd1 Qd7 14. Kh2 Nd5
15. Bh6 Nxc3 16. bxc3 Rfd8 17. Bxg7 Kxg7 18. e4 f6 19. a4 Qc7 20. Qe3 Bf7 21.
f4 Rab8 22. Rd2 b6 23. Bf3 c5 1/2-1/2

[Event "LLHH 1819 SV Großhansdorf - Barmbeker "]
[Site "?"]
[Date "2019.02.03"]
[Round "6.6"]
[White "Felten, Joachim"]
[Black "Sachs, Thomas"]
[Result "1/2-1/2"]
[WhiteElo "2087"]
[BlackElo "1974"]
[PlyCount "36"]
[EventDate "2019.??.??"]

1. e4 c6 2. d4 d5 3. Nc3 dxe4 4. Nxe4 Nd7 5. Bc4 Ngf6 6. Ng5 Nd5 7. Qe2 N7f6 8.
N1f3 Bg4 9. h3 Bxf3 10. Nxf3 e6 11. Bd2 Bd6 12. O-O-O Qe7 13. Ne5 O-O-O 14. f4
g6 15. Bb3 Nh5 16. Qf3 f6 17. g4 Nhxf4 18. Bxf4 fxe5 1/2-1/2